[Event "World Junior U20 Open 2018"]
[Site "Gebze"]
[Date "2018.09.07"]
[Round "3.43"]
[White "Samani, Yamac"]
[Black "Lagunow, Raphael"]
[Result "0-1"]
[WhiteElo "2226"]
[BlackElo "2403"]
[Annotator "ChessBase"]
[PlyCount "130"]
[EventDate "2018.09.05"]
[EventType "swiss"]
[EventCountry "TUR"]
[SourceTitle "playchess.com"]
[Source "ChessBase"]
[SourceQuality "1"]
[TimeControl "40/5400+30:1800+30"]

1. e4 {[%emt 0:00:30]} c5 {[%emt 0:01:30]} 2. Nf3 {[%emt 0:00:30]} Nc6 {[%emt 0:00:30]} 3. Nc3 {[%emt 0:00:30]} g6 {[%emt 0:03:30]} 4. d4 {[%emt 0:00:30]} cxd4 {[%emt 0:00:30]} 5. Nxd4 {[%emt 0:00:30]} Bg7 {[%emt 0:00:30]} 6. Nde2 {[%emt 0:01:30]} Nf6 {[%emt 0:01:30]} 7. g3 {[%emt 0:00:00]} O-O {[%emt 0:02:30]} 8. Bg2 {[%emt 0:00:00]} d6 {[%emt 0:00:30]} 9. O-O {[%emt 0:00:30]} Rb8 {[%emt 0:01:30]} 10. a4 {[%emt 0:00:30]} a6 {[%emt 0:00:30]} 11. h3 {[%emt 0:01:30]} Nd7 {[%emt 0:07:30]} 12. Be3 {[%emt 0:10:30]} b5 {[%emt 0:06:30]} 13. axb5 {[%emt 0:05:30]} axb5 {[%emt 0:06:30]} 14. Nd4 {[%emt 0:04:30]} Bxd4 {[%emt 0:00:30]} 15. Bxd4 {[%emt 0:03:30]} b4 {[%emt 0:00:30]} 16. Ne2 {[%emt 0:04:30]} Nxd4 {[%emt 0:00:30]} 17. Nxd4 {[%emt 0:01:30]} Qb6 {[%emt 0:01:30]} 18. Qd2 {[%emt 0:08:30]} Ba6 {[%emt 0:00:30]} 19. Rfe1 {[%emt 0:04:30]} Rfc8 {[%emt 0:04:30]} 20. Rad1 {[%emt 0:07:30]} Rc7 {[%emt 0:01:30]} 21. Qg5 {[%emt 0:04:30]} Ne5 {[%emt 0:19:30]} 22. Kh2 {[%emt 0:02:30]} Re8 {[%emt 0:05:30]} 23. f4 {[%emt 0:06:30]} Nc4 {[%emt 0:03:30]} 24. b3 {[%emt 0:03:30]} Rc5 {[%emt 0:01:30]} 25. Qg4 {[%emt 0:02:30]} Bc8 {[%emt 0:03:30]} 26. Qe2 {[%emt 0:06:30]} Na3 {[%emt 0:00:30]} 27. e5 {[%emt 0:05:31]} dxe5 {[%emt 0:01:30]} 28. fxe5 {[%emt 0:00:08]} Ba6 {[%emt 0:00:30]} 29. Qe4 {[%emt 0:00:55]} Qc7 {[%emt 0:02:30]} 30. Rd2 {[%emt 0:02:00]} Rc8 {[%emt 0:08:11]} 31. Qh4 {[%emt 0:07:29]} Rd8 {[%emt 0:07:41]} 32. Rf2 {[%emt 0:00:52]} h5 {[%emt 0:06:51]} 33. Qf4 {[%emt 0:01:48]} e6 {[%emt 0:00:02]} 34. Nc6 {[%emt 0:03:33]} Rd7 {[%emt 0:00:14]} 35. Nxb4 {[%emt 0:00:15]} Bb7 {[%emt 0:00:06]} 36. Bxb7 {[%emt 0:00:57]} Qxb7 {[%emt 0:00:01]} 37. Qe4 {[%emt 0:00:34]} Qa7 {[%emt 0:01:49]} 38. Ref1 {[%emt 0:00:46]} Rc3 {[%emt 0:00:46]} 39. Nc6 {[%emt 0:01:04]} Qc5 {[%emt 0:00:29]} 40. Qb4 {[%emt 0:00:00]} Qxc6 {[%emt 0:00:00]} 41. Qxa3 {[%emt 0:02:38]} h4 {[%emt 0:11:50]} 42. gxh4 {[%emt 0:01:30]} Qe4 {[%emt 0:01:30]} 43. Qa4 {[%emt 0:03:30]} Qxe5+ {[%emt 0:00:43]} 44. Qf4 {[%emt 0:01:30]} Qxf4+ {[%emt 0:01:42]} 45. Rxf4 {[%emt 0:00:30]} Rxc2+ {[%emt 0:00:00]} 46. Kg3 {[%emt 0:09:48]} Rb2 {[%emt 0:02:43]} 47. R1f3 {[%emt 0:01:29]} Rb7 {[%emt 0:07:30]} 48. h5 {[%emt 0:04:56]} gxh5 {[%emt 0:05:52]} 49. Kh4 {[%emt 0:01:06]} f5 {[%emt 0:00:42]} 50. Rg3+ {[%emt 0:02:55]} Kf7 {[%emt 0:00:35]} 51. Kxh5 {[%emt 0:02:28]} R2xb3 {[%emt 0:03:00]} 52. Rff3 {[%emt 0:02:12]} Rxf3 {[%emt 0:00:56]} 53. Rxf3 {[%emt 0:00:30]} Kf6 {[%emt 0:00:00]} 54. Kh4 {[%emt 0:00:01]} Rb4+ {[%emt 0:00:15]} 55. Kg3 {[%emt 0:00:14]} Kg5 {[%emt 0:00:28]} 56. Ra3 {[%emt 0:00:41]} e5 {[%emt 0:00:22]} 57. Rc3 {[%emt 0:00:31]} f4+ {[%emt 0:00:19]} 58. Kf3 {[%emt 0:01:03]} e4+ {[%emt 0:00:09]} 59. Kf2 {[%emt 0:00:00]} Kh4 {[%emt 0:00:38]} 60. Kf1 {[%emt 0:00:31]} Rb1+ {[%emt 0:00:29]} 61. Kf2 {[%emt 0:00:30]} Rb2+ {[%emt 0:00:00]} 62. Kf1 {[%emt 0:00:00]} e3 {[%emt 0:00:26]} 63. Rc8 {[%emt 0:00:58]} Kg3 {[%emt 0:00:42]} 64. Rg8+ {[%emt 0:00:59]} Kf3 {[%emt 0:00:06]} 65. Kg1 {[%emt 0:00:00]} e2 {[%emt 0:00:19]} 0-1

[Event "World Junior U20 Open 2018"]
[Site "Gebze"]
[Date "2018.09.07"]
[Round "3.44"]
[White "Silva, David"]
[Black "Nikolovski, Nikola"]
[Result "1/2-1/2"]
[WhiteElo "2223"]
[BlackElo "2388"]
[Annotator "TA"]
[PlyCount "54"]
[EventDate "2018.09.05"]
[EventType "swiss"]
[EventCountry "TUR"]
[SourceTitle "playchess.com"]
[Source "ChessBase"]
[SourceQuality "1"]

{[%evp 53,54,0,0]} 1. e4 e5 2. Nf3 Nc6 3. d4 exd4 4. Bc4 Bc5 5. c3 Nf6 6. cxd4 Bb4+ 7. Bd2 Bxd2+ 8. Nbxd2 d5 9. exd5 Nxd5 10. Qb3 Na5 $146 ({Predecessor:} 10... Nce7 11. O-O O-O 12. Rfe1 c6 13. Ne4 Nb6 14. Bd3 Ned5 15. Nc5 Nf6 16. Rac1 Rb8 17. Qa3 a6 18. Qb3 Qc7 19. Ne4 Nfd5 20. Nc3 Qd6 21. Be4 {½-½ (36) Jones,G (2640)-Karjakin,S (2753) Wijk aan Zee 2018}) 11. Qa4+ Nc6 12. Qb3 Na5 13. Qa4+ Nc6 14. Qb3 Na5 15. Qa4+ Nc6 16. Qb3 Na5 17. Qa4+ Nc6 18. Qb3 Na5 19. Qa4+ Nc6 20. Qb3 Na5 21. Qa4+ Nc6 22. Qb3 Na5 23. Qa4+ Nc6 24. Qb3 Na5 25. Qa4+ Nc6 26. Qb3 Na5 27. Qa4+ Nc6 $1 1/2-1/2

[Event "World Junior U20 Open 2018"]
[Site "Gebze"]
[Date "2018.09.07"]
[Round "3.45"]
[White "Ozer, Omer Faruk"]
[Black "Nalbant, Tuna Onat"]
[Result "1-0"]
[WhiteElo "2388"]
[BlackElo "2241"]
[Annotator "NA"]
[PlyCount "99"]
[EventDate "2018.09.05"]
[EventType "swiss"]
[EventCountry "TUR"]
[SourceTitle "playchess.com"]
[Source "ChessBase"]
[SourceQuality "1"]
[TimeControl "40/5400+30:1800+30"]

1. e4 {[%emt 0:02:30]} c5 {[%emt 0:00:30]} 2. Nf3 {[%emt 0:07:30]} d6 {[%emt 0:01:30]} 3. d4 {[%emt 0:00:30]} cxd4 {[%emt 0:00:00]} 4. Nxd4 {[%emt 0:00:00]} Nf6 {[%emt 0:00:00]} 5. Nc3 {[%emt 0:00:00]} a6 {[%emt 0:00:30]} 6. Be2 {[%emt 0:02:30]} e5 {[%emt 0:05:30]} 7. Nb3 {[%emt 0:01:30]} Be6 {[%emt 0:01:30]} 8. f4 {[%emt 0:00:30]} Nbd7 {[%emt 0:21:30]} 9. f5 {[%emt 0:16:30]} Bxb3 {[%emt 0:00:30]} 10. axb3 {[%emt 0:00:00]} Qb6 {[%emt 0:20:30]} 11. Bc4 {[%emt 0:01:00]} Be7 {[%emt 0:01:30]} 12. Qe2 {[%emt 0:01:30]} ({Ein No Go ist} 12. Nd5 $6 Nxd5 13. Qxd5 O-O $11) 12... Rd8 {[%emt 0:03:30]} 13. Be3 {[%emt 0:20:30]} Qc7 {[%emt 0:00:30]} 14. Rd1 {[%emt 0:00:00]} b5 {[%emt 0:06:30]} 15. Nd5 {[%emt 0:01:00]} Nxd5 {[%emt 0:11:30]} 16. Bxd5 {[%emt 0:00:00]} O-O {[%emt 0:02:30]} 17. O-O {[%emt 0:01:00]} Rc8 {[%emt 0:00:30]} 18. c3 $16 {[%emt 0:01:30]} Nf6 {[%emt 0:01:48]} 19. Kh1 {[%emt 0:03:30]} Qd8 {[%emt 0:05:16]} 20. Rf3 {[%emt 0:03:30]} Nxd5 {[%emt 0:07:53]} 21. Rxd5 {[%emt 0:00:30]} Bg5 {[%emt 0:00:55]} 22. Bf2 {[%emt 0:01:30]} g6 {[%emt 0:02:17]} 23. Rfd3 {[%emt 0:01:30]} Rc6 {[%emt 0:00:35]} 24. Bc5 {[%emt 0:04:30]} Re8 {[%emt 0:02:08]} 25. Ba3 {[%emt 0:05:30]} Bf4 {[%emt 0:00:53]} 26. g3 {[%emt 0:00:30]} Bg5 {[%emt 0:00:20]} 27. Qf3 {[%emt 0:01:30]} gxf5 {[%emt 0:01:08]} 28. Rxd6 {[%emt 0:01:30]} Rxd6 {[%emt 0:00:57]} 29. Rxd6 {[%emt 0:00:00]} Qc8 {[%emt 0:00:08]} 30. exf5 {[%emt 0:01:00]} Be7 {[%emt 0:01:21]} 31. Rc6 {[%emt 0:03:11]} Qd7 {[%emt 0:00:25]} 32. Bxe7 {[%emt 0:02:30]} Qxe7 {[%emt 0:00:49]} 33. f6 {[%emt 0:02:56]} Qf8 {[%emt 0:00:01]} 34. Qe4 {[%emt 0:00:35]} Qh6 {[%emt 0:01:00]} 35. Rd6 {[%emt 0:01:15]} Qg5 {[%emt 0:00:32]} 36. Kg2 {[%emt 0:00:30]} h6 {[%emt 0:00:27]} 37. h4 {[%emt 0:00:23]} Qh5 {[%emt 0:00:29]} 38. Rd7 {[%emt 0:01:55]} Rf8 {[%emt 0:00:25]} 39. Rd5 {[%emt 0:00:33]} Re8 {[%emt 0:00:52]} 40. Rd7 {[%emt 0:00:00]} Rf8 {[%emt 0:00:00]} 41. Re7 {[%emt 0:03:42]} Qg6 {[%emt 0:11:21]} 42. Qxg6+ {[%emt 0:01:30]} fxg6 {[%emt 0:00:30]} 43. Rg7+ {[%emt 0:00:00]} Kh8 {[%emt 0:00:30]} 44. Rxg6 {[%emt 0:00:00]} Kh7 {[%emt 0:00:30]} 45. h5 {[%emt 0:00:00]} a5 {[%emt 0:04:15]} 46. Kf3 {[%emt 0:00:00]} a4 {[%emt 0:00:03]} 47. Ke4 {[%emt 0:00:00]} Re8 {[%emt 0:02:30]} 48. Rg7+ {[%emt 0:01:00]} Kh8 {[%emt 0:00:02]} 49. bxa4 {[%emt 0:00:00]} bxa4 {[%emt 0:00:30]} 50. f7 {[%emt 0:00:00]} 1-0

[Event "World Junior U20 Open 2018"]
[Site "Gebze"]
[Date "2018.09.07"]
[Round "3.46"]
[White "Can, Melih Kaan"]
[Black "Agmanov, Zhandos"]
[Result "0-1"]
[WhiteElo "2195"]
[BlackElo "2379"]
[Annotator "NA"]
[PlyCount "82"]
[EventDate "2018.09.05"]
[EventType "swiss"]
[EventCountry "TUR"]
[SourceTitle "playchess.com"]
[Source "ChessBase"]
[SourceQuality "1"]
[TimeControl "40/5400+30:1800+30"]

1. d4 {[%emt 0:00:30]} Nf6 {[%emt 0:01:30]} 2. Nf3 {[%emt 0:00:30]} e6 {[%emt 0:00:30]} 3. Bf4 {[%emt 0:00:30]} b6 {[%emt 0:07:30]} 4. e3 {[%emt 0:02:30]} Bb7 {[%emt 0:00:30]} 5. Nbd2 {[%emt 0:02:30]} Be7 {[%emt 0:03:30]} 6. h3 {[%emt 0:05:30]} c5 {[%emt 0:01:30]} 7. c3 {[%emt 0:02:30]} O-O {[%emt 0:00:30]} 8. Bd3 {[%emt 0:00:30]} d6 {[%emt 0:01:30]} 9. Qe2 {[%emt 0:01:30]} Nc6 {[%emt 0:00:30]} 10. O-O {[%emt 0:09:30]} Re8 {[%emt 0:04:30]} 11. e4 {[%emt 0:06:30]} Nh5 {[%emt 0:30:30]} 12. Bh2 {[%emt 0:01:30]} g6 {[%emt 0:00:30]} 13. a3 {[%emt 0:03:30]} Bf8 {[%emt 0:03:30]} 14. e5 {[%emt 0:59:30]} cxd4 {[%emt 0:14:30]} 15. cxd4 {[%emt 0:00:00]} dxe5 {[%emt 0:00:30]} 16. dxe5 {[%emt 0:00:00]} Nd4 {[%emt 0:00:00]} 17. Nxd4 {[%emt 0:00:00]} Qxd4 {[%emt 0:00:00]} 18. Be4 $11 {[%emt 0:00:00]} Rad8 {[%emt 0:02:30]} 19. Rfd1 {[%emt 0:00:00]} Bh6 {[%emt 0:01:30]} 20. Bxb7 {[%emt 0:00:00]} Bxd2 {[%emt 0:02:30]} 21. b4 {[%emt 0:00:00]} Qc3 {[%emt 0:07:32]} 22. Qa6 {[%emt 0:00:00]} Nf4 {[%emt 0:01:13]} 23. Bxf4 {[%emt 0:00:00]} Bxf4 {[%emt 0:00:02]} 24. Qxa7 {[%emt 0:00:00]} Qc7 {[%emt 0:09:04]} 25. Qa6 {[%emt 0:00:00]} Bxe5 {[%emt 0:00:14]} 26. Rac1 {[%emt 0:00:00]} Bf4 {[%emt 0:00:47]} 27. Rb1 {[%emt 0:00:00]} Be5 {[%emt 0:02:25]} 28. Bf3 {[%emt 0:01:19]} Bd4 {[%emt 0:00:11]} 29. Rbc1 {[%emt 0:00:31]} Qf4 {[%emt 0:00:16]} 30. Qb7 {[%emt 0:02:03]} e5 {[%emt 0:00:34]} 31. Qe4 {[%emt 0:02:51]} Qxe4 {[%emt 0:00:38]} 32. Bxe4 {[%emt 0:00:30]} Bb2 33. Rxd8 Rxd8 34. Rc6 Bxa3 35. Rxb6 Rd4 36. Bc2 Bxb4 37. Rb7 Bc5 38. Rc7 Rc4 39. Rxf7 Rxc2 40. Rf3 e4 41. Rf6 Kg7 0-1

[Event "World Junior U20 Open 2018"]
[Site "Gebze"]
[Date "2018.09.07"]
[Round "3.47"]
[White "Piyumantha, M Sasith Nipun"]
[Black "Miciano, John Marvin"]
[Result "1/2-1/2"]
[WhiteElo "2139"]
[BlackElo "2374"]
[Annotator "NA"]
[PlyCount "95"]
[EventDate "2018.09.05"]
[EventType "swiss"]
[EventCountry "TUR"]
[SourceTitle "playchess.com"]
[Source "ChessBase"]
[SourceQuality "1"]
[TimeControl "40/5400+30:1800+30"]

1. d4 {[%emt 0:00:30]} g6 {[%emt 0:00:30]} 2. c4 {[%emt 0:00:00]} Bg7 {[%emt 0:00:30]} 3. Nf3 {[%emt 0:00:00]} Nf6 {[%emt 0:01:30]} 4. Nc3 {[%emt 0:00:30]} O-O {[%emt 0:00:30]} 5. e4 {[%emt 0:00:30]} d6 {[%emt 0:06:30]} 6. h3 {[%emt 0:02:30]} a6 {[%emt 0:00:30]} 7. Be3 {[%emt 0:00:30]} c6 {[%emt 0:00:30]} 8. Bd3 {[%emt 0:00:30]} b5 {[%emt 0:00:30] E90: King's Indian: Classical: Early deviations and 6 h3} 9. O-O {[%emt 0:00:30]} Nbd7 {[%emt 0:03:30]} 10. a4 $146 {[%emt 0:16:30]} ({Predecessor:} 10. Rc1 e5 11. d5 bxc4 12. Bxc4 c5 13. a3 Nb6 14. Be2 Nh5 15. Re1 a5 16. b4 axb4 17. axb4 cxb4 {0-1 (37) Zhang,Z (2361)-Stupak,K (2556) Qinhuangdao 2018}) 10... b4 {[%emt 0:05:30]} 11. Ne2 {[%emt 0:00:30]} c5 {[%emt 0:02:30]} 12. d5 {[%emt 0:01:30]} a5 {[%emt 0:07:30]} 13. Rb1 {[%emt 0:00:30]} Qc7 {[%emt 0:00:30]} 14. Qd2 {[%emt 0:01:30]} Re8 {[%emt 0:02:30]} 15. Bh6 {[%emt 0:00:30]} Ne5 {[%emt 0:04:30]} 16. Nxe5 {[%emt 0:02:30]} dxe5 {[%emt 0:00:30]} 17. Bxg7 {[%emt 0:01:30]} Kxg7 {[%emt 0:00:30]} 18. f4 {[%emt 0:01:30]} exf4 {[%emt 0:00:30]} 19. Rxf4 {[%emt 0:06:30]} Qe5 {[%emt 0:05:30]} 20. Rbf1 {[%emt 0:00:30]} Kh8 {[%emt 0:00:30]} 21. Qe3 {[%emt 0:00:30]} Ba6 {[%emt 0:04:30]} 22. b3 {[%emt 0:06:30]} ({But not} 22. Qxc5 $6 Rac8 $11) 22... Rac8 {[%emt 0:00:30]} 23. Bc2 {[%emt 0:00:30]} Kg8 {[%emt 0:06:30]} 24. Nc1 {[%emt 0:03:30]} Nd7 {[%emt 0:04:30]} 25. Nd3 {[%emt 0:02:30]} Qc3 {[%emt 0:00:30]} 26. R4f2 {[%emt 0:02:30]} Ne5 {[%emt 0:02:30]} 27. Qe1 {[%emt 0:04:30]} Qxe1 $1 {[%emt 0:02:30]} 28. Rxe1 {[%emt 0:00:00]} f6 {[%emt 0:00:30]} 29. Nxe5 {[%emt 0:00:00]} fxe5 $11 {[%emt 0:00:30]} 30. Ref1 {[%emt 0:00:30]} Rf8 {[%emt 0:02:30]} 31. Rxf8+ {[%emt 0:00:30]} Rxf8 {[%emt 0:00:30]} 32. Rxf8+ {[%emt 0:00:00]} Kxf8 {[%emt 0:00:00]} 33. Kf2 {[%emt 0:00:00]} Kg7 {[%emt 0:00:00]} 34. g4 {[%emt 0:00:30]} Bc8 {[%emt 0:01:30]} 35. Kg3 {[%emt 0:00:00]} g5 {[%emt 0:01:30]} 36. Bd1 {[%emt 0:00:00]} Kf6 {[%emt 0:00:30]} 37. Be2 {[%emt 0:00:30]} h6 {[%emt 0:00:30]} 38. Bd1 {[%emt 0:00:00]} Bd7 {[%emt 0:00:30]} 39. Kf3 {[%emt 0:00:00]} h5 {[%emt 0:01:30]} 40. Kg3 {[%emt 0:00:00]} h4+ {[%emt 0:00:30]} 41. Kf3 {[%emt 0:00:00]} Kf7 {[%emt 0:00:30]} 42. Ke3 {[%emt 0:00:30]} Ke8 {[%emt 0:00:00]} 43. Kd3 {[%emt 0:00:30]} Kd8 {[%emt 0:00:00]} 44. Ke3 {[%emt 0:00:00]} Kc7 {[%emt 0:00:30]} 45. Kd3 {[%emt 0:00:00]} Kd6 {[%emt 0:00:30]} 46. Ke3 {[%emt 0:00:00]} e6 {[%emt 0:00:00]} 47. dxe6 {[%emt 0:00:00]} Bxe6 {[%emt 0:00:00]} 48. Kd3 {[%emt 0:00:00]} 1/2-1/2

[Event "World Junior U20 Open 2018"]
[Site "Gebze"]
[Date "2018.09.07"]
[Round "3.48"]
[White "Nyambileg, Erdene-Ochir"]
[Black "Krishna Teja, N."]
[Result "1/2-1/2"]
[WhiteElo "1798"]
[BlackElo "2356"]
[Annotator "NA"]
[PlyCount "88"]
[EventDate "2018.09.05"]
[EventType "swiss"]
[EventCountry "TUR"]
[SourceTitle "playchess.com"]
[Source "ChessBase"]
[SourceQuality "1"]
[TimeControl "40/5400+30:1800+30"]

1. d4 {[%emt 0:00:30]} Nf6 {[%emt 0:00:30]} 2. c4 {[%emt 0:00:30]} g6 {[%emt 0:00:30]} 3. Nc3 {[%emt 0:00:30]} Bg7 {[%emt 0:00:00]} 4. e4 {[%emt 0:00:00]} d6 {[%emt 0:00:00]} 5. Be2 {[%emt 0:00:00]} O-O {[%emt 0:00:00]} 6. Be3 {[%emt 0:00:00] LiveBook: 737 Games} c6 {[%emt 0:02:00]} 7. g4 {[%emt 0:00:00] E73: King's Indian: Averbakh Variation without 6...c5} (7. Nf3 e5 8. dxe5 dxe5 9. O-O Qe7 10. h3 Na6 11. Qc2 Nh5 12. Rfd1 Nf4 13. Bf1 Nc5 14. b4 Nce6 15. c5 a5 16. b5 Qf6 17. bxc6 bxc6 18. Rd6 Nxh3+ {1-0 (40) Carlsen,M (2832)-Guseinov,G (2645) chess.com INT 2017}) 7... Qa5 {[%emt 0:03:30]} 8. f3 {[%emt 0:00:30]} e5 {[%emt 0:04:30]} 9. d5 {[%emt 0:01:30]} c5 {[%emt 0:08:30]} 10. Qd2 {[%emt 0:04:30]} Ne8 $146 {[%emt 0:05:30]} ({Predecessor:} 10... a6 11. Bh6 Qd8 12. h4 Ne8 13. Bxg7 Nxg7 14. O-O-O h5 {0-1 (54) Jeszenszky,J-Illes,A (2111) Hungary 2010}) 11. Nh3 {[%emt 0:13:30]} f6 {[%emt 0:07:30]} (11... Nd7 $16 12. O-O Qd8) 12. Nf2 {[%emt 0:01:30]} Na6 {[%emt 0:01:30]} 13. h4 {[%emt 0:04:30]} Rf7 {[%emt 0:02:30]} 14. f4 {[%emt 0:12:30]} exf4 {[%emt 0:03:30]} 15. Bxf4 {[%emt 0:00:30]} Nb8 {[%emt 0:01:30]} 16. Nd3 {[%emt 0:09:30]} Nd7 {[%emt 0:02:30]} 17. g5 {[%emt 0:00:30]} Ne5 $2 {[%emt 0:04:30]} (17... Nb6 $15 18. Nf2 fxg5 19. Bxg5 Qb4) 18. Nxe5 {[%emt 0:01:30]} fxe5 {[%emt 0:01:30]} 19. Bg3 {[%emt 0:04:30]} Bd7 {[%emt 0:02:30]} 20. Nd1 {[%emt 0:02:30]} Qxd2+ {[%emt 0:08:30]} 21. Kxd2 {[%emt 0:00:30]} h5 {[%emt 0:00:00]} 22. Nc3 {[%emt 0:11:30]} Nc7 {[%emt 0:02:00]} 23. a3 $16 {[%emt 0:00:30]} b6 {[%emt 0:08:30]} 24. b4 {[%emt 0:00:30]} Na6 {[%emt 0:10:30]} 25. Rab1 {[%emt 0:00:30]} Rc8 {[%emt 0:01:34]} 26. Nb5 {[%emt 0:01:30]} Bxb5 {[%emt 0:01:48]} 27. cxb5 {[%emt 0:00:30]} Nb8 {[%emt 0:05:20]} 28. Rhc1 {[%emt 0:01:30]} Rfc7 {[%emt 0:02:44]} 29. Bf1 {[%emt 0:06:30]} cxb4 {[%emt 0:02:21]} 30. Rxc7 {[%emt 0:00:00]} Rxc7 {[%emt 0:00:04]} 31. axb4 {[%emt 0:06:01]} Kf8 {[%emt 0:03:38]} 32. Bh3 {[%emt 0:00:30]} Ke8 {[%emt 0:00:23]} 33. Be6 {[%emt 0:02:17]} Nd7 {[%emt 0:00:24]} 34. Bf2 {[%emt 0:02:21]} Nf8 {[%emt 0:00:31]} 35. Bh3 {[%emt 0:00:03]} Nd7 {[%emt 0:01:13]} 36. Kd3 {[%emt 0:00:15]} Nf8 {[%emt 0:00:00]} 37. Ra1 {[%emt 0:00:30]} Nd7 {[%emt 0:00:17]} 38. Be3 {[%emt 0:00:38]} Bf8 {[%emt 0:00:56]} 39. Be6 {[%emt 0:00:55]} Bg7 {[%emt 0:00:10]} 40. Ra6 {[%emt 0:00:00]} Rb7 {[%emt 0:00:00]} 41. Kc4 {[%emt 0:05:30]} Rc7+ {[%emt 0:03:07]} 42. Kb3 {[%emt 0:00:30]} Rb7 {[%emt 0:00:00]} 43. Ra2 {[%emt 0:00:00]} Rc7 {[%emt 0:00:00]} 44. Rf2 {[%emt 0:00:00]} Nf8 {[%emt 0:00:00]} 1/2-1/2

[Event "World Junior U20 Open 2018"]
[Site "Gebze"]
[Date "2018.09.07"]
[Round "3.49"]
[White "Schekachikhin, Maksim"]
[Black "Karaoglan, Doruk"]
[Result "1-0"]
[WhiteElo "2356"]
[BlackElo "2196"]
[Annotator "NA"]
[PlyCount "100"]
[EventDate "2018.09.05"]
[EventType "swiss"]
[EventCountry "TUR"]
[SourceTitle "playchess.com"]
[Source "ChessBase"]
[SourceQuality "1"]
[TimeControl "40/5400+30:1800+30"]

1. d4 {[%emt 0:00:30]} Nf6 {[%emt 0:00:30]} 2. c4 {[%emt 0:00:30]} g6 {[%emt 0:00:00]} 3. Nc3 {[%emt 0:00:00]} Bg7 {[%emt 0:00:00]} 4. e4 {[%emt 0:00:00]} d6 {[%emt 0:00:30]} 5. Be2 {[%emt 0:00:00]} O-O {[%emt 0:00:00]} 6. Nf3 {[%emt 0:00:00]} e5 {[%emt 0:00:00]} 7. O-O {[%emt 0:00:30]} exd4 {[%emt 0:00:30]} 8. Nxd4 {[%emt 0:00:30]} Re8 {[%emt 0:00:00]} 9. f3 {[%emt 0:00:00]} Nc6 {[%emt 0:00:00]} 10. Be3 {[%emt 0:00:00]} Nh5 {[%emt 0:00:00]} 11. Qd2 {[%emt 0:00:30]} Nxd4 {[%emt 0:00:00]} 12. Bxd4 {[%emt 0:00:30]} Nf4 {[%emt 0:00:00]} 13. Rf2 {[%emt 0:03:30] E94: King's Indian: Classical: 6 Be2 e5 7 0-0: Various Black 7th moves} Bxd4 {[%emt 0:19:00]} 14. Qxd4 {[%emt 0:02:30]} Qg5 {[%emt 0:04:30]} 15. Nd5 {[%emt 0:00:30]} Nxd5 {[%emt 0:00:30]} 16. cxd5 {[%emt 0:00:30]} f5 $146 {[%emt 0:03:30]} ({Predecessor:} 16... Bd7 17. Bf1 a6 18. Rc2 Rec8 19. a4 c5 20. dxc6 Rxc6 21. Rxc6 Bxc6 {½-½ (46) Arizmendi Martinez,J (2528)-Dimitrov,A (2345) Belgrade 2009}) 17. Bb5 {[%emt 0:07:30]} Re7 {[%emt 0:12:30]} 18. f4 {[%emt 0:03:30]} Qh6 {[%emt 0:06:30]} 19. e5 {[%emt 0:02:30]} Qg7 {[%emt 0:00:30]} 20. Re1 {[%emt 0:04:30]} a6 {[%emt 0:02:30]} 21. Ba4 {[%emt 0:01:30]} b5 {[%emt 0:02:30]} 22. Bb3 {[%emt 0:00:30]} Bb7 {[%emt 0:03:30]} 23. Rfe2 {[%emt 0:03:30]} Rae8 {[%emt 0:01:30]} 24. a4 {[%emt 0:06:30]} bxa4 {[%emt 0:07:30]} 25. Bxa4 {[%emt 0:01:30]} Rd8 {[%emt 0:00:30]} 26. Qc4 {[%emt 0:04:30]} Kh8 {[%emt 0:08:30]} 27. e6 {[%emt 0:09:30]} Rb8 {[%emt 0:01:30]} 28. Bd7 {[%emt 0:03:30]} Rg8 $18 {[%emt 0:02:30]} 29. Rd2 {[%emt 0:03:30]} Bc8 {[%emt 0:03:30]} 30. Bxc8 {[%emt 0:01:30]} Rxc8 {[%emt 0:00:30]} 31. Qxa6 {[%emt 0:00:30]} Rb8 {[%emt 0:00:00]} 32. Qa7 {[%emt 0:01:30]} Rb4 {[%emt 0:00:00]} 33. g3 {[%emt 0:02:30]} h6 {[%emt 0:02:30]} 34. Qa3 {[%emt 0:01:30]} Rb5 {[%emt 0:00:30]} 35. Rc1 {[%emt 0:02:30]} Kh7 {[%emt 0:02:49]} 36. Rc4 {[%emt 0:04:30]} Kg8 {[%emt 0:06:58]} 37. b4 {[%emt 0:04:30]} Qf8 {[%emt 0:03:33]} 38. Qc3 {[%emt 0:01:30]} Qg7 {[%emt 0:00:05]} 39. Qc1 {[%emt 0:01:30]} g5 {[%emt 0:04:06]} 40. Qc2 {[%emt 0:00:00]} Qh7 {[%emt 0:00:00]} 41. Qd3 {[%emt 0:05:00]} Rb8 {[%emt 0:02:59]} 42. Ra2 {[%emt 0:02:30]} g4 {[%emt 0:01:30]} 43. Ra7 {[%emt 0:01:30]} h5 {[%emt 0:00:00]} 44. Qc2 {[%emt 0:03:30]} Rc8 {[%emt 0:01:00]} 45. b5 {[%emt 0:00:30]} c5 {[%emt 0:01:30]} 46. Rxe7 {[%emt 0:01:30]} Qxe7 {[%emt 0:00:30]} 47. Qxf5 {[%emt 0:00:30]} Qa7 {[%emt 0:00:00]} 48. e7 {[%emt 0:00:30]} Qa1+ {[%emt 0:00:00]} 49. Kg2 {[%emt 0:00:00]} Ra8 {[%emt 0:00:30]} 50. Qg6+ {[%emt 0:00:00]} Kh8 {[%emt 0:00:30]} 1-0